| 000 | 00435nam a22001817a 4500 | ||
|---|---|---|---|
| 003 | CEME | ||
| 005 | 20210628210421.0 | ||
| 008 | 210208b xxu||||| |||| 00| 0 eng d | ||
| 020 | _a969-0-10217-6 | ||
| 040 | _c. | ||
| 082 | _a923.1 GR | ||
| 100 |
_aMuhammad Muzaffar Mirza _979310 |
||
| 245 | _aThe great quaid | ||
| 260 |
_aLAHORE _bFEROZE SO _c1995 |
||
| 300 | _a257P | ||
| 650 |
_aBIORGRAPHY-QUAID'S _979311 |
||
| 942 |
_cBK _2ddc |
||
| 999 |
_c584359 _d584359 |
||